[Event "Russian Blitz Championship (m)"]
[Site "Sochi"]
[Date "2022.10.14"]
[Round "7.17"]
[White "Iljiushenok, Ilia"]
[Black "Uskov, Artem"]
[Result "1/2-1/2"]
[BlackElo "2276"]
[WhiteElo "2467"]
[LiveChessVersion "1.4.8"]

1. e4 {[%clk 0:03:02]} e5 {[%clk 0:03:00]} 2. Nc3 {[%clk 0:03:03]} Nc6
{[%clk 0:02:45]} 3. Bc4 {[%clk 0:03:04]} Nf6 {[%clk 0:02:38]} 4. d3
{[%clk 0:03:05]} Bc5 {[%clk 0:02:36]} 5. f4 {[%clk 0:03:06]} d6 {[%clk 0:02:36]}
6. Nf3 {[%clk 0:03:08]} exf4 {[%clk 0:02:29]} 7. Bxf4 {[%clk 0:03:07]} Be6
{[%clk 0:02:30]} 8. Bb3 {[%clk 0:02:47]} Qd7 {[%clk 0:02:16]} 9. Qd2
{[%clk 0:01:50]} O-O-O {[%clk 0:02:08]} 10. O-O-O {[%clk 0:01:47]} d5
{[%clk 0:02:06]} 11. Ba4 {[%clk 0:01:29]} dxe4 {[%clk 0:02:02]} 12. Ne5
{[%clk 0:01:30]} e3 {[%clk 0:01:45]} 13. Bxe3 {[%clk 0:01:12]} Bxe3
{[%clk 0:01:46]} 14. Qxe3 {[%clk 0:01:13]} Qd4 {[%clk 0:01:47]} 15. Rde1
{[%clk 0:00:58]} Qxe3+ {[%clk 0:01:28]} 16. Rxe3 {[%clk 0:00:59]} Nxe5
{[%clk 0:01:15]} 17. Rxe5 {[%clk 0:01:00]} Rd4 {[%clk 0:01:16]} 18. Bb3
{[%clk 0:00:34]} Bxb3 {[%clk 0:01:15]} 19. axb3 {[%clk 0:00:35]} c6
{[%clk 0:01:15]} 20. Rhe1 {[%clk 0:00:33]} Kd8 {[%clk 0:01:16]} 21. h3
{[%clk 0:00:32]} Re8 {[%clk 0:01:15]} 22. Rxe8+ {[%clk 0:00:33]} Nxe8
{[%clk 0:01:15]} 23. Ne4 {[%clk 0:00:34]} Rd7 {[%clk 0:01:13]} 24. Nc5
{[%clk 0:00:33]} Rc7 {[%clk 0:01:13]} 25. d4 {[%clk 0:00:32]} Nd6
{[%clk 0:01:09]} 26. Kd2 {[%clk 0:00:30]} Re7 {[%clk 0:01:09]} 27. Rf1
{[%clk 0:00:23]} b6 {[%clk 0:01:09]} 28. Nd3 {[%clk 0:00:23]} Ne4+
{[%clk 0:01:08]} 29. Kd1 {[%clk 0:00:24]} f6 {[%clk 0:01:08]} 30. c3
{[%clk 0:00:25]} Kd7 {[%clk 0:01:05]} 31. b4 {[%clk 0:00:25]} Nd6
{[%clk 0:01:05]} 32. b3 {[%clk 0:00:20]} Re3 {[%clk 0:01:03]} 33. Rf3
{[%clk 0:00:14]} Rxf3 {[%clk 0:01:04]} 34. gxf3 {[%clk 0:00:15]} Ke6
{[%clk 0:01:05]} 35. Kd2 {[%clk 0:00:15]} Nb5 {[%clk 0:01:02]} 36. Nf4+
{[%clk 0:00:11]} Kf5 {[%clk 0:01:02]} 37. Ne2 {[%clk 0:00:13]} g5
{[%clk 0:00:57]} 38. c4 {[%clk 0:00:13]} Nd6 {[%clk 0:00:56]} 39. Ke3
{[%clk 0:00:15]} Ke6 {[%clk 0:00:53]} 40. d5+ {[%clk 0:00:09]} cxd5 41. Nd4+ Ke5
{[%clk 0:00:49]} 42. Nc6+ {[%clk 0:00:11]} Ke6 {[%clk 0:00:50]} 43. Nd4+
{[%clk 0:00:10]} Ke5 {[%clk 0:00:48]} 44. Nc6+ {[%clk 0:00:11]} Ke6
{[%clk 0:00:49]} 45. Nd4+ {[%clk 0:00:12]} Ke5 {[%clk 0:00:41]} 46. Ke4+
{[%clk 0:03:02]} 1/2-1/2

[Event "Russian Blitz Championship (m)"]
[Site "Sochi"]
[Date "2022.10.14"]
[Round "7.18"]
[White "Vetokhin, Savva"]
[Black "Zablotsky, Sergei"]
[Result "1/2-1/2"]
[BlackElo "2439"]
[WhiteElo "2258"]
[LiveChessVersion "1.4.8"]

1. e4 {[%clk 0:03:02]} d5 {[%clk 0:02:42]} 2. exd5 {[%clk 0:03:01]} Qxd5
{[%clk 0:02:43]} 3. Nc3 {[%clk 0:03:01]} Qd6 {[%clk 0:02:43]} 4. d4
{[%clk 0:03:02]} Nf6 {[%clk 0:02:44]} 5. Nf3 {[%clk 0:03:01]} Nc6
{[%clk 0:02:45]} 6. Be2 {[%clk 0:02:57]} Bg4 {[%clk 0:02:37]} 7. Be3
{[%clk 0:02:39]} e6 {[%clk 0:02:36]} 8. h3 {[%clk 0:02:37]} Bxf3 {[%clk 0:02:33]}
9. Bxf3 {[%clk 0:02:37]} O-O-O {[%clk 0:02:31]} 10. Ne2 {[%clk 0:01:41]} e5
{[%clk 0:02:22]} 11. c3 {[%clk 0:01:03]} h5 {[%clk 0:01:52]} 12. Bxc6
{[%clk 0:00:56]} Qxc6 {[%clk 0:01:52]} 13. O-O {[%clk 0:00:56]} Nd5
{[%clk 0:01:47]} 14. Qd2 {[%clk 0:00:44]} Nxe3 {[%clk 0:01:30]} 15. fxe3
{[%clk 0:00:44]} Rh6 {[%clk 0:01:06]} 16. Rxf7 {[%clk 0:00:36]} Rg6
{[%clk 0:01:07]} 17. Rf2 {[%clk 0:00:36]} Be7 {[%clk 0:01:09]} 18. Kh2
{[%clk 0:00:28]} Bd6 {[%clk 0:00:43]} 19. d5 {[%clk 0:00:26]} e4+
{[%clk 0:00:38]} 20. Kh1 {[%clk 0:00:27]} Qe8 {[%clk 0:00:34]} 21. Raf1
{[%clk 0:00:27]} Qe5 {[%clk 0:00:31]} 22. Nf4 {[%clk 0:00:26]} Rg3
{[%clk 0:00:30]} 23. Qd4 {[%clk 0:00:24]} Qxd4 {[%clk 0:00:20]} 24. exd4
{[%clk 0:00:16]} e3 {[%clk 0:00:17]} 25. Rf3 {[%clk 0:00:17]} Bxf4
{[%clk 0:00:18]} 26. Rxf4 {[%clk 0:00:17]} Rxd5 {[%clk 0:00:19]} 27. Rf8+
{[%clk 0:00:17]} Rd8 {[%clk 0:00:20]} 28. Rxd8+ {[%clk 0:00:17]} Kxd8
{[%clk 0:00:21]} 29. Rf4 {[%clk 0:00:15]} Kd7 {[%clk 0:00:18]} 30. Re4
{[%clk 0:00:16]} g5 {[%clk 0:00:17]} 31. Kg1 {[%clk 0:00:16]} Kd6
{[%clk 0:00:15]} 32. Re5 {[%clk 0:00:16]} b6 {[%clk 0:00:12]} 33. Kh2
{[%clk 0:00:16]} h4 {[%clk 0:00:12]} 34. b4 {[%clk 0:00:14]} a6 {[%clk 0:00:13]}
35. a4 {[%clk 0:00:14]} e2 {[%clk 0:00:11]} 36. c4 {[%clk 0:00:13]} Rd3
{[%clk 0:00:10]} 37. c5+ {[%clk 0:00:13]} Kd7 {[%clk 0:00:10]} 38. Rxe2
{[%clk 0:00:09]} Rxd4 39. cxb6 {[%clk 0:00:08]} cxb6 {[%clk 0:00:12]} 40. b5
{[%clk 0:00:07]} axb5 {[%clk 0:00:11]} 41. axb5 Rd5 {[%clk 0:00:10]} 42. Rb2
{[%clk 0:00:09]} Kd6 {[%clk 0:00:11]} 43. g3 {[%clk 0:00:10]} Kc5
{[%clk 0:00:10]} 44. gxh4 {[%clk 0:00:11]} gxh4 {[%clk 0:00:11]} 45. Kg2
{[%clk 0:00:12]} Rd3 {[%clk 0:00:13]} 46. Rb1 {[%clk 0:00:10]} Rg3+
{[%clk 0:00:13]} 47. Kh2 {[%clk 0:00:11]} Ra3 {[%clk 0:00:14]} 48. Kg2
{[%clk 0:00:12]} Kc4 {[%clk 0:00:13]} 49. Re1 {[%clk 0:00:11]} Kxb5
{[%clk 0:00:11]} 50. Re5+ {[%clk 0:00:12]} Kc4 {[%clk 0:00:09]} 51. Re4+
{[%clk 0:00:13]} Kd3 {[%clk 0:00:10]} 52. Rxh4 {[%clk 0:00:14]} b5
{[%clk 0:00:11]} 53. Rb4 {[%clk 0:00:15]} Ra5 {[%clk 0:00:12]} 54. Kg3
{[%clk 0:00:13]} Kc3 {[%clk 0:00:13]} 55. Rb1 {[%clk 0:00:14]} b4
{[%clk 0:00:14]} 56. Kg4 {[%clk 0:00:14]} b3 {[%clk 0:00:14]} 57. h4
{[%clk 0:00:14]} Kc2 {[%clk 0:00:15]} 58. Rf1 {[%clk 0:00:14]} b2
{[%clk 0:00:15]} 59. h5 {[%clk 0:00:14]} Rd5 {[%clk 0:00:12]} 60. h6
{[%clk 0:00:10]} b1=Q {[%clk 0:00:13]} 61. Rxb1 {[%clk 0:00:11]} Kxb1
{[%clk 0:00:14]} 62. h7 {[%clk 0:00:11]} 1/2-1/2

[Event "Russian Blitz Championship (m)"]
[Site "Sochi"]
[Date "2022.10.14"]
[Round "7.19"]
[White "Obgolts, Erik"]
[Black "Bimiev, Ahmad"]
[Result "1-0"]
[BlackElo "2267"]
[WhiteElo "2407"]
[LiveChessVersion "1.4.8"]

1. d4 {[%clk 0:03:02]} Nf6 {[%clk 0:03:03]} 2. Nf3 {[%clk 0:03:03]} e6
{[%clk 0:03:04]} 3. Bf4 {[%clk 0:03:04]} c5 {[%clk 0:03:05]} 4. e3
{[%clk 0:03:05]} Nc6 {[%clk 0:03:06]} 5. Nbd2 {[%clk 0:03:05]} d5
{[%clk 0:02:57]} 6. c3 {[%clk 0:03:06]} Bd6 {[%clk 0:02:42]} 7. Bg3
{[%clk 0:03:07]} O-O {[%clk 0:02:42]} 8. Bd3 {[%clk 0:03:07]} b6 {[%clk 0:02:34]}
9. Qe2 {[%clk 0:03:08]} Bb7 {[%clk 0:02:22]} 10. Rd1 {[%clk 0:03:08]} Re8
{[%clk 0:01:38]} 11. e4 {[%clk 0:03:09]} dxe4 {[%clk 0:01:08]} 12. Nxe4
{[%clk 0:03:09]} Nxe4 {[%clk 0:00:53]} 13. Bxe4 {[%clk 0:03:07]} Qe7
{[%clk 0:00:38]} 14. Bxd6 {[%clk 0:02:03]} Qxd6 {[%clk 0:00:39]} 15. dxc5
{[%clk 0:01:29]} Qxc5 {[%clk 0:00:41]} 16. Rd7 {[%clk 0:01:22]} Re7
{[%clk 0:00:28]} 17. Qd3 {[%clk 0:00:55]} g6 {[%clk 0:00:14]} 18. O-O
{[%clk 0:00:47]} Ba6 19. Qd6 {[%clk 0:00:22]} Bxf1 {[%clk 0:00:06]} 20. Qxc5
{[%clk 0:00:17]} bxc5 {[%clk 0:00:07]} 21. Rxe7 {[%clk 0:00:14]} Nxe7
{[%clk 0:00:05]} 22. Bxa8 {[%clk 0:00:15]} Bc4 {[%clk 0:00:06]} 23. b3
{[%clk 0:00:13]} Bd5 {[%clk 0:00:08]} 24. Bxd5 {[%clk 0:00:14]} Nxd5
{[%clk 0:00:09]} 25. c4 {[%clk 0:00:13]} Nc3 {[%clk 0:00:10]} 26. a3
{[%clk 0:00:10]} f6 {[%clk 0:00:09]} 27. Kf1 {[%clk 0:00:11]} Kf7
{[%clk 0:00:11]} 28. Ke1 {[%clk 0:00:11]} Ke7 {[%clk 0:00:09]} 29. Kd2
{[%clk 0:00:12]} Ne4+ {[%clk 0:00:11]} 30. Ke3 {[%clk 0:00:13]} Nd6
{[%clk 0:00:11]} 31. Ne1 {[%clk 0:00:13]} Nf5+ {[%clk 0:00:13]} 32. Kd3
{[%clk 0:00:12]} Kd6 {[%clk 0:00:13]} 33. g3 {[%clk 0:00:11]} Nd4
{[%clk 0:00:09]} 34. b4 {[%clk 0:00:11]} Nc6 {[%clk 0:00:08]} 35. b5
{[%clk 0:00:12]} Ne5+ {[%clk 0:00:08]} 36. Kc3 {[%clk 0:00:12]} h5
{[%clk 0:00:10]} 37. h3 {[%clk 0:00:09]} g5 {[%clk 0:00:11]} 38. Nd3
{[%clk 0:00:09]} Nf3 {[%clk 0:00:10]} 39. a4 {[%clk 0:00:08]} Ng1
{[%clk 0:00:08]} 40. h4 gxh4 {[%clk 0:00:09]} 41. gxh4 {[%clk 0:00:10]} Nf3
{[%clk 0:00:10]} 42. Nf4 {[%clk 0:00:11]} Nxh4 {[%clk 0:00:11]} 43. Nxh5
{[%clk 0:00:12]} f5 44. Nf4 {[%clk 0:00:11]} Nf3 {[%clk 0:00:11]} 45. a5
{[%clk 0:00:10]} Ne5 46. Nd3 {[%clk 0:00:11]} Nd7 {[%clk 0:00:08]} 47. f4
{[%clk 0:00:11]} Kc7 {[%clk 0:00:04]} 48. Kd2 {[%clk 0:00:12]} Kd6
{[%clk 0:00:05]} 49. Ke3 {[%clk 0:00:12]} Nf6 {[%clk 0:00:05]} 50. Kf3
{[%clk 0:00:09]} Ne4 {[%clk 0:00:06]} 51. Ke3 {[%clk 0:00:10]} Nf6
{[%clk 0:00:07]} 52. Ne5 {[%clk 0:00:11]} Ne4 {[%clk 0:00:07]} 53. Kd3
{[%clk 0:00:12]} Nf2+ {[%clk 0:00:08]} 54. Kc2 {[%clk 0:00:12]} Ne4
{[%clk 0:00:06]} 55. Nd3 {[%clk 0:00:10]} Nf6 {[%clk 0:00:07]} 56. Nf2
{[%clk 0:00:08]} Nh5 {[%clk 0:00:07]} 57. Nh3 {[%clk 0:00:08]} Nf6
{[%clk 0:00:05]} 58. Kd3 {[%clk 0:00:09]} Ne4 {[%clk 0:00:06]} 59. Ng5
{[%clk 0:00:08]} Nf2+ {[%clk 0:00:07]} 60. Ke3 {[%clk 0:00:09]} Ng4+
{[%clk 0:00:08]} 61. Kd2 {[%clk 0:00:06]} e5 {[%clk 0:00:09]} 62. Nf7+
{[%clk 0:00:07]} Ke6 {[%clk 0:00:11]} 63. Nxe5 {[%clk 0:00:07]} Nf6
{[%clk 0:00:05]} 64. Nd3 {[%clk 0:00:05]} Kd6 {[%clk 0:00:06]} 65. Ke3
{[%clk 0:00:05]} Ng4+ {[%clk 0:00:07]} 66. Kf3 {[%clk 0:00:06]} Nf6
{[%clk 0:00:08]} 67. Ne5 {[%clk 0:00:05]} Ne4 {[%clk 0:00:10]} 68. Kg2
{[%clk 0:00:06]} Nd2 {[%clk 0:00:09]} 69. Kh3 {[%clk 0:00:06]} Nb3
{[%clk 0:00:11]} 70. a6 {[%clk 0:00:05]} Nc1 {[%clk 0:00:07]} 71. b6
{[%clk 0:00:06]} 1-0

[Event "Russian Blitz Championship (m)"]
[Site "Sochi"]
[Date "2022.10.14"]
[Round "7.20"]
[White "Makarian, Rudik"]
[Black "Rozhkov, Viacheslav"]
[Result "1-0"]
[BlackElo "2258"]
[WhiteElo "2405"]
[LiveChessVersion "1.4.8"]

1. d4 {[%clk 0:03:04]} d5 {[%clk 0:03:03]} 2. c4 {[%clk 0:03:05]} dxc4
{[%clk 0:03:04]} 3. e4 {[%clk 0:03:06]} Nc6 {[%clk 0:03:04]} 4. Nf3
{[%clk 0:03:03]} Bg4 {[%clk 0:03:05]} 5. Be3 {[%clk 0:03:04]} Bxf3
{[%clk 0:02:47]} 6. gxf3 {[%clk 0:03:05]} e6 {[%clk 0:02:48]} 7. Bxc4
{[%clk 0:03:04]} Bb4+ {[%clk 0:02:45]} 8. Nc3 {[%clk 0:03:05]} Qf6
{[%clk 0:02:46]} 9. a3 {[%clk 0:03:03]} Ba5 {[%clk 0:02:38]} 10. Qa4
{[%clk 0:02:52]} O-O-O {[%clk 0:02:32]} 11. O-O-O {[%clk 0:02:47]} Bb6
{[%clk 0:01:49]} 12. d5 {[%clk 0:02:39]} exd5 {[%clk 0:01:34]} 13. Nxd5
{[%clk 0:01:48]} Bxe3+ {[%clk 0:01:15]} 14. fxe3 {[%clk 0:01:29]} Qxf3
{[%clk 0:00:56]} 15. Bb5 {[%clk 0:01:10]} Nf6 {[%clk 0:00:12]} 16. Bxc6
{[%clk 0:01:03]} bxc6 {[%clk 0:00:13]} 17. Qa6+ {[%clk 0:00:12]} Kb8
{[%clk 0:00:12]} 18. Nb4 {[%clk 0:00:12]} Qxe3+ {[%clk 0:00:09]} 19. Kb1
{[%clk 0:00:13]} Rxd1+ {[%clk 0:00:10]} 20. Rxd1 {[%clk 0:00:13]} Qb6
{[%clk 0:00:09]} 21. Nxc6+ {[%clk 0:00:12]} Ka8 {[%clk 0:00:11]} 22. Qc4
{[%clk 0:00:12]} Re8 {[%clk 0:00:10]} 23. e5 {[%clk 0:00:11]} Ng4
{[%clk 0:00:06]} 24. Rc1 {[%clk 0:00:07]} Nxe5 {[%clk 0:00:06]} 25. Qe4
{[%clk 0:00:07]} f5 {[%clk 0:00:06]} 26. Qd5 {[%clk 0:00:05]} Nxc6
{[%clk 0:00:06]} 27. Rxc6 {[%clk 0:00:07]} Qb7 {[%clk 0:00:08]} 28. Ka2
{[%clk 0:00:05]} Rb8 {[%clk 0:00:09]} 29. b4 {[%clk 0:00:04]} f4 {[%clk 0:00:09]}
30. Qc4 {[%clk 0:00:04]} f3 {[%clk 0:00:09]} 31. Rxc7 {[%clk 0:00:04]} Qxc7
{[%clk 0:00:04]} 32. Qxc7 {[%clk 0:00:05]} Rf8 {[%clk 0:00:06]} 33. Qc6+
{[%clk 0:00:06]} Kb8 1-0

[Event "Russian Blitz Championship (m)"]
[Site "Sochi"]
[Date "2022.10.14"]
[Round "8.1"]
[White "Artemiev, Vladislav"]
[Black "Timofeev, Artyom"]
[Result "1-0"]
[BlackElo "2579"]
[WhiteElo "2832"]
[LiveChessVersion "1.4.8"]

1. d4 {[%clk 0:03:02]} d5 {[%clk 0:03:03]} 2. c4 {[%clk 0:03:01]} e5
{[%clk 0:03:03]} 3. dxe5 {[%clk 0:02:59]} Ne7 {[%clk 0:03:03]} 4. Nf3
{[%clk 0:02:33]} Nbc6 {[%clk 0:03:02]} 5. e3 {[%clk 0:02:10]} Bg4
{[%clk 0:02:59]} 6. Qa4 {[%clk 0:01:31]} Qd7 {[%clk 0:02:50]} 7. cxd5
{[%clk 0:01:21]} Nxd5 {[%clk 0:02:50]} 8. Bb5 {[%clk 0:01:22]} O-O-O
{[%clk 0:01:26]} 9. Bxc6 {[%clk 0:01:01]} bxc6 {[%clk 0:01:27]} 10. e6
{[%clk 0:00:27]} Qxe6 {[%clk 0:01:16]} 11. Nd4 {[%clk 0:00:20]} Qg6
{[%clk 0:01:09]} 12. Qa6+ {[%clk 0:00:10]} Kd7 {[%clk 0:01:09]} 13. O-O
{[%clk 0:00:08]} Bc5 {[%clk 0:00:58]} 14. f3 {[%clk 0:00:04]} Bxd4
{[%clk 0:00:50]} 15. fxg4 {[%clk 0:00:04]} Bb6 {[%clk 0:00:40]} 16. Nc3
{[%clk 0:00:05]} Rhe8 {[%clk 0:00:37]} 17. Kh1 {[%clk 0:00:06]} f6
{[%clk 0:00:37]} 18. e4 {[%clk 0:00:06]} Nxc3 {[%clk 0:00:33]} 19. bxc3
{[%clk 0:00:07]} Qxg4 {[%clk 0:00:16]} 20. Bf4 {[%clk 0:00:08]} Ke7
{[%clk 0:00:15]} 21. a4 {[%clk 0:00:05]} Kf8 {[%clk 0:00:05]} 22. a5
{[%clk 0:00:04]} Bc5 {[%clk 0:00:07]} 23. e5 {[%clk 0:00:05]} Kg8
{[%clk 0:00:05]} 24. Qc4+ 1-0

[Event "Russian Blitz Championship (m)"]
[Site "Sochi"]
[Date "2022.10.14"]
[Round "8.2"]
[White "Afanasiev, Nikita"]
[Black "Pridorozhni, Aleksei"]
[Result "0-1"]
[BlackElo "2581"]
[WhiteElo "2541"]
[LiveChessVersion "1.4.8"]

1. c4 {[%clk 0:03:02]} e6 {[%clk 0:03:02]} 2. Nf3 {[%clk 0:03:02]} d5
{[%clk 0:03:02]} 3. g3 {[%clk 0:03:03]} Nf6 {[%clk 0:03:02]} 4. Bg2
{[%clk 0:03:03]} Nbd7 {[%clk 0:03:02]} 5. b3 {[%clk 0:03:02]} b6 {[%clk 0:03:00]}
6. cxd5 {[%clk 0:03:01]} exd5 {[%clk 0:03:00]} 7. Bb2 {[%clk 0:03:01]} Bb7
{[%clk 0:03:00]} 8. O-O {[%clk 0:03:01]} Bd6 {[%clk 0:02:58]} 9. Nc3
{[%clk 0:03:01]} a6 {[%clk 0:02:59]} 10. d4 {[%clk 0:03:00]} O-O {[%clk 0:02:58]}
11. e3 {[%clk 0:03:00]} Qe7 {[%clk 0:02:55]} 12. Rc1 {[%clk 0:03:01]} Ne4
{[%clk 0:02:50]} 13. Ne2 {[%clk 0:03:01]} Rfe8 {[%clk 0:02:32]} 14. Nf4
{[%clk 0:03:01]} a5 {[%clk 0:02:29]} 15. a4 {[%clk 0:02:59]} Rac8
{[%clk 0:02:24]} 16. Re1 {[%clk 0:02:59]} Ndf6 {[%clk 0:02:12]} 17. Nd3
{[%clk 0:02:35]} Ng4 {[%clk 0:02:03]} 18. h3 {[%clk 0:02:28]} Ngf6
{[%clk 0:02:04]} 19. Nfe5 {[%clk 0:02:15]} c5 {[%clk 0:02:02]} 20. g4
{[%clk 0:01:58]} h6 {[%clk 0:01:58]} 21. Rc2 {[%clk 0:01:37]} Rc7
{[%clk 0:01:47]} 22. Qa1 {[%clk 0:01:22]} Rec8 {[%clk 0:01:45]} 23. Rec1
{[%clk 0:01:22]} Ba6 {[%clk 0:01:25]} 24. Nf4 {[%clk 0:01:16]} cxd4
{[%clk 0:01:19]} 25. Rxc7 {[%clk 0:01:09]} Rxc7 {[%clk 0:01:19]} 26. Rxc7
{[%clk 0:01:05]} Qxc7 {[%clk 0:01:18]} 27. Bxd4 {[%clk 0:00:53]} Bb7
{[%clk 0:01:15]} 28. Qb2 {[%clk 0:00:47]} Bf8 {[%clk 0:01:03]} 29. Nfd3
{[%clk 0:00:43]} Nc5 {[%clk 0:00:59]} 30. Qc2 {[%clk 0:00:40]} Bd6
{[%clk 0:00:58]} 31. Qd1 {[%clk 0:00:37]} Nfe4 {[%clk 0:00:56]} 32. Bb2
{[%clk 0:00:30]} Nxd3 {[%clk 0:00:48]} 33. Nxd3 {[%clk 0:00:30]} Bh2+
{[%clk 0:00:41]} 34. Kf1 {[%clk 0:00:14]} Ba6 {[%clk 0:00:41]} 35. Bf3
{[%clk 0:00:15]} Bg3 {[%clk 0:00:28]} 36. Kg2 {[%clk 0:00:07]} Bxf2
{[%clk 0:00:15]} 37. Be5 {[%clk 0:00:06]} Qe7 {[%clk 0:00:12]} 38. Nxf2
{[%clk 0:00:05]} Qxe5 {[%clk 0:00:12]} 39. Qd4 Qxd4 {[%clk 0:00:12]} 40. exd4
{[%clk 0:00:06]} Nc3 {[%clk 0:00:07]} 41. Kg3 {[%clk 0:00:05]} g5
{[%clk 0:00:05]} 42. h4 {[%clk 0:00:04]} Kg7 {[%clk 0:00:06]} 43. hxg5
{[%clk 0:00:05]} hxg5 {[%clk 0:00:07]} 44. Nh3 {[%clk 0:00:06]} f6
{[%clk 0:00:08]} 45. Kf2 {[%clk 0:00:07]} Bd3 {[%clk 0:00:07]} 46. Ke3
{[%clk 0:00:09]} Be4 {[%clk 0:00:09]} 47. Nf2 {[%clk 0:00:05]} Bxf3
{[%clk 0:00:09]} 48. Kxf3 {[%clk 0:00:06]} Kg6 {[%clk 0:00:10]} 49. Nd3
{[%clk 0:00:04]} Ne4 {[%clk 0:00:10]} 50. Ke3 {[%clk 0:00:05]} Nd6
{[%clk 0:00:10]} 51. Kf3 Nf7 {[%clk 0:00:09]} 52. b4 {[%clk 0:00:06]} f5
{[%clk 0:00:07]} 53. bxa5 {[%clk 0:00:07]} bxa5 {[%clk 0:00:08]} 54. gxf5+
{[%clk 0:00:05]} Kxf5 {[%clk 0:00:09]} 55. Nc5 {[%clk 0:00:06]} g4+
{[%clk 0:00:10]} 56. Ke3 {[%clk 0:00:08]} Nd6 {[%clk 0:00:10]} 57. Nb3
{[%clk 0:00:04]} Nc4+ {[%clk 0:00:11]} 58. Kf2 {[%clk 0:00:06]} Kf4
{[%clk 0:00:11]} 59. Nc5 {[%clk 0:00:05]} g3+ {[%clk 0:00:11]} 60. Kg2
{[%clk 0:00:06]} Ne3+ {[%clk 0:00:12]} 61. Kg1 {[%clk 0:00:08]} Kf3
{[%clk 0:00:12]} 62. Nd7 {[%clk 0:00:07]} Nc4 {[%clk 0:00:10]} 63. Nf6
{[%clk 0:00:05]} Nb6 {[%clk 0:00:08]} 64. Kf1 {[%clk 0:00:04]} Ke3
{[%clk 0:00:09]} 65. Kg2 {[%clk 0:00:04]} Kxd4 {[%clk 0:00:10]} 66. Kxg3
{[%clk 0:00:05]} Nxa4 {[%clk 0:00:11]} 67. Kf3 {[%clk 0:00:05]} Nc3
{[%clk 0:00:12]} 0-1

[Event "Russian Blitz Championship (m)"]
[Site "Sochi"]
[Date "2022.10.14"]
[Round "8.3"]
[White "Dobrov, Vladimir"]
[Black "Tomashevsky, Evgeny"]
[Result "1/2-1/2"]
[BlackElo "2695"]
[WhiteElo "2575"]
[LiveChessVersion "1.4.8"]

1. Nf3 {[%clk 0:03:03]} d5 {[%clk 0:03:03]} 2. g3 {[%clk 0:03:01]} Nf6
{[%clk 0:03:02]} 3. Bg2 {[%clk 0:03:02]} e6 {[%clk 0:03:03]} 4. O-O
{[%clk 0:03:01]} Be7 {[%clk 0:03:05]} 5. b3 {[%clk 0:02:53]} O-O {[%clk 0:03:04]}
6. Bb2 {[%clk 0:02:53]} c5 {[%clk 0:03:04]} 7. e3 {[%clk 0:02:53]} Nc6
{[%clk 0:03:03]} 8. d4 {[%clk 0:02:20]} cxd4 {[%clk 0:02:54]} 9. exd4
{[%clk 0:02:06]} b5 {[%clk 0:02:38]} 10. Nbd2 {[%clk 0:01:47]} a5
{[%clk 0:02:09]} 11. Ne5 {[%clk 0:01:05]} Bb7 {[%clk 0:02:10]} 12. c4
{[%clk 0:01:02]} bxc4 {[%clk 0:01:36]} 13. bxc4 {[%clk 0:01:03]} Rb8
{[%clk 0:01:38]} 14. Rb1 {[%clk 0:00:44]} Ba8 {[%clk 0:01:35]} 15. Nxc6
{[%clk 0:00:30]} Bxc6 {[%clk 0:01:36]} 16. c5 {[%clk 0:00:22]} a4
{[%clk 0:01:28]} 17. Bc3 {[%clk 0:00:22]} Qc7 {[%clk 0:01:23]} 18. Qc2
{[%clk 0:00:21]} Nd7 {[%clk 0:01:03]} 19. f4 {[%clk 0:00:17]} g6 {[%clk 0:00:43]}
20. Nf3 {[%clk 0:00:17]} Nf6 {[%clk 0:00:23]} 21. Ne5 {[%clk 0:00:18]} Ne4
{[%clk 0:00:24]} 22. Ba5 {[%clk 0:00:14]} 1/2-1/2

[Event "Russian Blitz Championship (m)"]
[Site "Sochi"]
[Date "2022.10.14"]
[Round "8.4"]
[White "Petrov, Nikita"]
[Black "Sjugirov, Sanan"]
[Result "0-1"]
[BlackElo "2609"]
[WhiteElo "2528"]
[LiveChessVersion "1.4.8"]

1. e4 {[%clk 0:03:03]} c5 {[%clk 0:03:02]} 2. Nf3 {[%clk 0:03:03]} e6
{[%clk 0:03:04]} 3. d4 {[%clk 0:03:02]} cxd4 {[%clk 0:03:04]} 4. Nxd4
{[%clk 0:03:03]} a6 {[%clk 0:03:06]} 5. Bd3 {[%clk 0:03:00]} Bc5 {[%clk 0:03:06]}
6. Nb3 {[%clk 0:03:00]} Ba7 {[%clk 0:03:07]} 7. Qe2 {[%clk 0:02:57]} Nc6
{[%clk 0:03:06]} 8. Be3 {[%clk 0:02:57]} d6 {[%clk 0:03:03]} 9. Nc3
{[%clk 0:02:57]} Nge7 {[%clk 0:02:45]} 10. Bxa7 {[%clk 0:02:50]} Rxa7
{[%clk 0:02:46]} 11. h4 {[%clk 0:02:44]} b5 {[%clk 0:02:43]} 12. h5
{[%clk 0:02:40]} b4 {[%clk 0:02:42]} 13. Na4 {[%clk 0:02:34]} Bd7
{[%clk 0:02:32]} 14. Qe3 {[%clk 0:02:23]} Rb7 {[%clk 0:01:55]} 15. h6
{[%clk 0:02:13]} g6 {[%clk 0:01:56]} 16. Bxa6 {[%clk 0:01:48]} Rb8
{[%clk 0:01:57]} 17. O-O-O {[%clk 0:01:46]} Qc7 {[%clk 0:01:56]} 18. Nac5
{[%clk 0:01:00]} dxc5 {[%clk 0:01:56]} 19. Nxc5 {[%clk 0:01:01]} Bc8
{[%clk 0:01:53]} 20. Bxc8 {[%clk 0:00:41]} Rxc8 {[%clk 0:01:53]} 21. Rd7
{[%clk 0:00:36]} Qa5 {[%clk 0:01:38]} 22. Qg5 {[%clk 0:00:18]} f6
{[%clk 0:00:50]} 23. Qxf6 {[%clk 0:00:13]} Rf8 {[%clk 0:00:51]} 24. Qg5
{[%clk 0:00:05]} Rxf2 {[%clk 0:00:51]} 25. Kb1 {[%clk 0:00:06]} Ra8
{[%clk 0:00:51]} 26. a4 {[%clk 0:00:04]} bxa3 {[%clk 0:00:51]} 27. Rhd1
{[%clk 0:00:05]} axb2 {[%clk 0:00:45]} 28. Rxe7+ {[%clk 0:00:04]} Nxe7
{[%clk 0:00:46]} 0-1

[Event "Russian Blitz Championship (m)"]
[Site "Sochi"]
[Date "2022.10.14"]
[Round "8.5"]
[White "Alekseev, Evgeny"]
[Black "Faizrakhmanov, Ramil"]
[Result "1/2-1/2"]
[BlackElo "2421"]
[WhiteElo "2579"]
[LiveChessVersion "1.4.8"]

1. Nf3 {[%clk 0:03:02]} d5 {[%clk 0:03:03]} 2. e3 {[%clk 0:03:02]} Nf6
{[%clk 0:03:04]} 3. c4 {[%clk 0:03:03]} e6 {[%clk 0:03:05]} 4. Nc3
{[%clk 0:03:03]} Be7 {[%clk 0:03:04]} 5. b3 {[%clk 0:03:02]} O-O {[%clk 0:03:04]}
6. Bb2 {[%clk 0:03:02]} c5 {[%clk 0:03:03]} 7. cxd5 {[%clk 0:03:01]} Nxd5
{[%clk 0:03:03]} 8. Be2 {[%clk 0:02:44]} Nc6 {[%clk 0:03:00]} 9. O-O
{[%clk 0:02:42]} Bf6 {[%clk 0:02:56]} 10. Qc2 {[%clk 0:02:31]} b6
{[%clk 0:02:51]} 11. Nxd5 {[%clk 0:01:59]} Bxb2 {[%clk 0:02:23]} 12. Qxb2
{[%clk 0:01:50]} Qxd5 {[%clk 0:02:19]} 13. Rac1 {[%clk 0:01:48]} Bb7
{[%clk 0:02:17]} 14. a3 {[%clk 0:01:47]} a5 {[%clk 0:02:02]} 15. Rfd1
{[%clk 0:01:46]} Rfd8 {[%clk 0:02:02]} 16. Ne1 {[%clk 0:01:27]} Qd7
{[%clk 0:01:36]} 17. Qc3 {[%clk 0:01:21]} h6 {[%clk 0:01:33]} 18. h3
{[%clk 0:01:21]} Rac8 {[%clk 0:01:34]} 19. Qb2 {[%clk 0:01:17]} Rc7
{[%clk 0:01:27]} 20. Qc3 {[%clk 0:01:17]} 1/2-1/2

[Event "Russian Blitz Championship (m)"]
[Site "Sochi"]
[Date "2022.10.14"]
[Round "8.6"]
[White "Demidov, Mikhail"]
[Black "Grachev, Boris"]
[Result "1/2-1/2"]
[BlackElo "2565"]
[WhiteElo "2520"]
[LiveChessVersion "1.4.8"]

1. d4 {[%clk 0:03:01]} d5 {[%clk 0:03:04]} 2. c4 {[%clk 0:03:02]} e6
{[%clk 0:03:05]} 3. Nf3 {[%clk 0:03:03]} Nf6 {[%clk 0:03:06]} 4. Bg5
{[%clk 0:03:02]} Nbd7 {[%clk 0:03:00]} 5. cxd5 {[%clk 0:02:56]} exd5
{[%clk 0:03:01]} 6. Nc3 {[%clk 0:02:57]} c6 {[%clk 0:02:59]} 7. e3
{[%clk 0:02:58]} Be7 {[%clk 0:03:00]} 8. Bd3 {[%clk 0:02:58]} Ne4
{[%clk 0:02:53]} 9. Bxe7 {[%clk 0:02:32]} Qxe7 {[%clk 0:02:53]} 10. Qc2
{[%clk 0:02:31]} Ndf6 {[%clk 0:02:29]} 1/2-1/2